005130000a220009700045001000023000002450034000233000045000575000063001025200205001657730045003701 aGaray, Juan Carlos10aLas mismas cuarenta canciones aVol.0, núm.8 (Mayo, 2006), Página 30 aEscritor, periodista radial y crítico musical de Semana. aLa radio musical se ha simplificado hasta la tosquedad. Ya no está en las manos de humanistas. Los programadores ya no se ocupan en descubrir talentos que marquen una evolución y una diferencia.0 tArcadia / Andrés Felipe Solano, Editor